MAA '90 mechanizace a automatizace administrativy

Guardado en:
Detalles Bibliográficos
Formato: Seriadas
Lenguaje:checo
Publicado: Praha SNTL 1990
Materias:
Etiquetas: Agregar Etiqueta
Sin Etiquetas, Sea el primero en etiquetar este registro!

MARC

LEADER 00000nas2a2200000 4500
001 s006475
005 20071019144645.3
041 0 |a cze 
044 |a CZ 
245 1 0 |a MAA '90  |b mechanizace a automatizace administrativy 
264 1 |a Praha  |b SNTL  |c 1990 
300 |a 2 zv. 
773 0 |w eu_un_cat*0014889 
610 2 0 |a administratíva 
610 2 0 |a mechanizácia 
610 2 0 |a automatizácia